Normal view
MARC view
Entry Topical Term
001 - CONTROL NUMBER
- control field: 203
003 - CONTROL NUMBER IDENTIFIER
- control field: BD-DhUIB
005 - DATE AND TIME OF LATEST TRANSACTION
- control field: 20210324104931.0
008 - FIXED-LENGTH DATA ELEMENTS
- fixed length control field: 210324|| aca||aabn | a|a d
040 ## - CATALOGING SOURCE
- Original cataloging agency: BD-DhUIB
- Transcribing agency: BD-DhUIB
150 ## - HEADING--TOPICAL TERM
- Topical term or geographic name entry element: Business logistics
670 ## - SOURCE DATA FOUND
- Source citation: Work cat.: (BD-DhUIB)0: Tate, Wendy L , author. 202, Supply chain finance :
